00613 2200241 4500001002100000005001700021008004100038020002200079035002400101041000800125043001200133082001000145090002100155100001400176245005300190250001000243260003000253300002500283504001600308650001300324852001200337999002200349YOGYA-0511000000087020110511131120.0 ind  a978-6028-597-28-9 0010-051100000000869 aInd aYOPDYOG a153.8 aDEP 153.8bPur R aPURNADINA aRemaja revo menjadi pembelajar sejaticPurnadine aCet.1 aYogyakartabLeutikac2010 aVIII, 228 hlmc19 cm ahlm.225-228 aMotivasi aYOPDYOG aCB-D.11 2010-1656